Normal view MARC view
  • Baranda, María,

Entry Nombre Personal

Number of records used in: 12

001 - NUMERO DE CONTROL

  • campo de control: 34145

003 - IDENTIFICADOR DE NUMERO DE CONTROL

  • campo de control: UPN

005 - FECHA Y HORA DE LA ÜLTIMA TRANSACCIÓN

  • campo de control: 20240415153911.0

008 - DATOS DE LONGITUD FIJA

  • campo de control de longitud fija: 240415n||acannaabn | aaa |d

035 ## - NUMERO DE CONTROL

  • Número de control: UPN11000006252

040 ## - FUENTE DE CATALOGACIÓN

  • Lenguaje de catalogación: spa
  • Agencia de transcripción: MX-MxUPN
  • Agencia original de catalogación: MX-MxUPN

053 #4 - NÚMERO DE CLASIFICACIÓN LC

  • Número de clasificación elemento-número único o número inicial de tramo: PQ7298.12 A7.26

100 1# - ENCABEZAMIENTO - NOMBRE PERSONAL

  • Nombre personal: Baranda, María,
  • Fechas asociadas con el nombre: 1962-

370 ## - LUGAR ASOCIADO

  • Fuente del término: $naf
  • Place of birth: Ciudad de México (México)

373 ## - GRUPO ASOCIADO

  • Associated group: Literatura infantil y juvenil

374 ## - OCUPACIÓN

  • Occupation: Poeta
  • Occupation: Traductora
  • Occupation: Narradora

670 ## - FUENTE EN LA QUE SE LOCALIZARON DATOS

  • Cita de la fuente: LC, 15 abril 2024:
  • Información localizada: (Baranda, María)
  • Uniform Resource Identifier: https://lccn.loc.gov/n91040486

670 ## - FUENTE EN LA QUE SE LOCALIZARON DATOS

  • Cita de la fuente: Un abrazo, 2009 :
  • Información localizada: cubierta (nació en México, es poeta, traductora y narradora)

680 ## - NOTA PUBLICA DE ACCESO PÚBLICO

  • Frase explicativa de la referencia: Escritora mexicana

902 ## - CATALOGADOR

  • Catalogador: CAA/240913

902 ## - CATALOGADOR

  • Catalogador: MaríaRobles/150424